000 01147cab a22002055a 4500
001 L141581
008 071203e20071010xxk f 000 0 eng d
035 _a(Sirsi) u141581
041 0 _aeng
100 1 _aFox, Owen
245 0 2 _aA simple solution
260 _c2007
490 0 _aContract Journal
_v440(6646) 10 October 2007, 25(1)
520 _aDiscusses the merits and limitations of the JCT Short Form of Subcontract (2005 edition). In its favour, the conditions of the contract are only five pages, the main terms are simple and the extension of time provisions very straightforward. Also looks at the payment provisions and the pricing document. In terms of its limitations, the accompanying guidance note clearly sets these out. A key point is that the contract is only suitable for use where the subcontract packages are of straightforward content and carrying a low level of risk.
590 _aKA
650 2 4 _aJCT SHORT FORM OF SUBCONTRACT (2005 EDITION)
651 4 _aUnited Kingdom
_y
690 _aBUILT ENVIRONMENT-BUILDING CONTRACT FORMS-STANDARD FORMS OF BUILDING CONTRACT-JOINT CONTRACTS TRIBUNAL CONTRACTS
942 _n0
999 _c79525
_d79525